000
00303nam a2200097Ia 4500
008
201231s9999 xx 000 0 und d
100
_a
Foster, Bill
245
0
_a
Coaching for peak employee performance: A Practical guide to supporting employeee development
260
_a
New Delhi
_b
Wheeler pub
942
_c
BK
999
_c
9744
_d
9744